|
|
|
|
| LEADER |
01166nam a22003017a 4500 |
| 001 |
41201 |
| 003 |
BD-DhAAL |
| 008 |
230516t2010 ko ||||| |||| 00| 0 kor d |
| 020 |
|
|
|a 9788960511194
|
| 020 |
|
|
|a 8960511196
|
| 040 |
|
|
|a BD-DhAAL
|c BD-DhAAL
|
| 041 |
|
|
|a kor
|h eng
|
| 082 |
|
|
|a 330.122
|2 23
|
| 100 |
|
|
|a Chang, Hajun.
|9 54260
|
| 245 |
|
|
|a The 23 things they don't say :
|b Hajun Chang, talks about better capitalism /
|c Hajun Chang ; translated by Kim Hee-jeong, Ahn Se-min.
|
| 246 |
|
|
|a 23 things they don't tell you about capitalism
|
| 260 |
|
|
|a Seoul :
|b booki,
|c 2010.
|
| 300 |
|
|
|a 367 pages ;
|c 22 cm.
|
| 541 |
|
|
|a Complimentary copy from Dr. Sang Hoon Lee, Dean of Brac Business School, Brac University
|e 41201
|
| 650 |
|
|
|a Capitalism.
|
| 650 |
|
|
|a Economic policy.
|
| 650 |
|
|
|a Economics.
|
| 700 |
|
|
|a Hee-jeong, Kim.
|9 54258
|
| 700 |
|
|
|a Se-min, Ahn.
|9 54259
|
| 852 |
|
|
|a Ayesha Abed Library
|c General Stacks
|
| 942 |
|
|
|2 ddc
|c BK
|
| 999 |
|
|
|c 45766
|d 45766
|
| 952 |
|
|
|0 0
|1 0
|2 ddc
|4 0
|6 330_122000000000000_CHA
|7 0
|9 73644
|a BRACUL
|b BRACUL
|c GEN
|d 2023-05-16
|e Complimentary copy from Dr. Sang Hoon Lee
|l 0
|o 330.122 CHA
|p 3010041201
|r 2023-05-16
|t 1
|w 2023-05-16
|y BK
|